000 00318nam a22001457a 4500
020 _a978-019-275250
082 _a823
_bPIE/S
100 _aPIELICHATY, HELENA
245 _aJOLENE
260 _aLONDON
_bOXFORD UNIVERSITY PRESS
_c2003
300 _a148
520 _aSHORT STORY
650 _aSHORT STORY
942 _cBK
999 _c6133
_d6133